Handbook for writers

Kaydedildi:
Detaylı Bibliyografya
Asıl Yazarlar: Leggett, Glenn (Yazar), Mead, C. David (Yazar), Charvat, William (Yazar), Beal, Richard S (Yazar)
Materyal Türü: Kitap
Dil:İngilizce
Baskı/Yayın Bilgisi: Englewood Cliffs Prentice-Hall Inc 1982
Edisyon:8a. ed
Konular:
Etiketler: Etiketle
Etiket eklenmemiş, İlk siz ekleyin!

MARC

LEADER 00000cam a2200000 a 4500
001 UCC6758
003 CL-VaPUC
008 190103e19820000us |||||||||||||||||eng|d
020 |a 013695734X 
082 0 4 |a 808.042  |b LEG  |2 21 
100 0 |a Leggett, Glenn  |e author  |9 601234 
700 0 |a Mead, C. David  |e author  |9 601235 
700 0 |a Charvat, William  |e author  |9 601236 
700 0 |a Beal, Richard S  |e author  |9 601237 
245 1 0 |a Handbook for writers 
250 |a 8a. ed 
300 |a 544 p 
942 |c BK 
945 |d 20190103 17:32:00  |a dcastane 
260 |a Englewood Cliffs  |b Prentice-Hall Inc  |c 1982 
650 0 |a Lengua inglesa  |9 453712 
650 0 |a Retórica   |9 266620 
650 0 |a Gramática inglesa  |9 392981 
650 0 |a Enseñanza del inglés  |9 367340 
583 |a last modification  |c 20190103 17:32:00  |k Rodrigo Vera 
999 |c 373614  |d 373612 
952 |0 0  |1 0  |3 erd  |4 0  |6 808_042000000000000_LEG_1982  |7 0  |8 A  |9 491808  |a BIBING  |b BIBING  |i 5527716  |o 808.042 LEG 1982  |p 5527716  |r 2025-01-20  |w 2019-11-24  |y BK  |z Catalogado en:20190103  |k EIQ